Estatísticas para Adivinhe o País pela a Bandeira antiga #1

Clique aqui para jogar o quiz

Estatísticas Gerais

  • Esse quiz foi jogado 66 vezes
  • A pontuação média é 6 de 10

Estatísticas das Respostas

Resposta% Correto
Brasil
100%
Espanha
92%
China
87%
Alemanha
85%
Russia
66%
Italia
57%
Turquia
46%
Suiça
43%
África do Sul
34%
Grécia
34%

Distribuição das Pontuações

Percentil de Números Respondidos

Porcentagem de Pessoas com Cada Pontuação

Sua Pontuação Histórica

Você não jogou esse quiz